Kāvyaprakāśaḥ. (Record no. 84672)

MARC details
000 -LEADER
fixed length control field 00748cam a22002771 4500
001 - CONTROL NUMBER
control field sa 68012679
003 - CONTROL NUMBER IDENTIFIER
control field DLC
005 - DATE AND TIME OF LATEST TRANSACTION
control field 20260227112613.0
008 - FIXED-LENGTH DATA ELEMENTS--GENERAL INFORMATION
fixed length control field 950222s1967 ii 000 0 sano
010 ## - LIBRARY OF CONGRESS CONTROL NUMBER
LC control number sa 68012679
025 ## - OVERSEAS ACQUISITION NUMBER
Overseas acquisition number PL480:I-San-852
035 ## - SYSTEM CONTROL NUMBER
System control number (OCoLC)32036193
040 ## - CATALOGING SOURCE
Original cataloging agency DLC
Transcribing agency CU
Modifying agency CU
-- DLC
042 ## - AUTHENTICATION CODE
Authentication code premarc
050 00 - LIBRARY OF CONGRESS CALL NUMBER
Classification number PK2916
Item number .M317
100 0# - MAIN ENTRY--PERSONAL NAME
Personal name Mammaṭācārya.
245 10 - TITLE STATEMENT
Title Kāvyaprakāśaḥ.
260 ## - PUBLICATION, DISTRIBUTION, ETC.
Date of publication, distribution, etc. [1967]
300 ## - PHYSICAL DESCRIPTION
Extent 12, 316 p.
Dimensions 23 cm.
440 #0 - SERIES STATEMENT/ADDED ENTRY--TITLE
Title Kāśī-Saṃskr̥ta granthamālā ;
Volume/sequential designation 49
500 ## - GENERAL NOTE
General note Added t.p. in English.
500 ## - GENERAL NOTE
General note In Sanskrit.
650 #0 - SUBJECT ADDED ENTRY--TOPICAL TERM
Topical term or geographic name entry element Sanskrit poetry
General subdivision History and criticism.
650 #0 - SUBJECT ADDED ENTRY--TOPICAL TERM
Topical term or geographic name entry element Poetics.
700 1# - ADDED ENTRY--PERSONAL NAME
Personal name Śarmā, Hariśaṅkara.
Title of a work Nāgeśvarī.

No items available.

Powered by Koha